En la sombra del sueño americano : diarios, 1971-1991 /

Guardado en:
Detalles Bibliográficos
Autor principal: Wojnarowicz, David (autor)
Formato: Libro
Idioma:Español
Publicado: Buenos Aires, Argentina : Caja Negra, 2021, c2021
Temas:
Etiquetas: Agrega una etiqueta
Sin etiquetas, Sé el primero en etiquetar este registro!

MARC

LEADER 00000nam^a2200000^a^4500
001 000437607
005 20250521000000.0
009 20260310123224.658
020 |a 978-987-1622-95-5 
037 |a Acervo ITESO - Biblioteca 
041 |a ESP 
082 |a 810. 92  |b WOJ 
100 |a Wojnarowicz, David  |e (autor) 
245 1 0 |a En la sombra del sueño americano :  |b diarios, 1971-1991 /  |c D. Wojnarowicz ; pról. de Fernando Davis ; ed. e introd. de Amy Scholder ; tr. por Julio Pérez Manzanares, Cristian De Nápoli. 
264 4 |a Buenos Aires, Argentina :  |b Caja Negra,  |c 2021, c2021 
300 |a 326 p. 
336 |a texto  |b txt  |2 rdacontenido 
337 |a sin mediación  |b n  |2 rdamedio 
338 |a volumen  |b nc  |2 rdasoporte 
500 |a Traducción de: In the Shadow of the American Dream: The Diaries of David Wajnarowicz 
521 |a FIL 2021 DIA 
521 |a FIL 2022 DIA 
649 |a XX 
650 |a Fotógrafos Norteamericanos -  |x Memorias 
650 |a Escritores Norteamericanos -  |x Memorias 
650 |a Artistas Norteamericanos -  |x Memorias 
650 |a Activistas Sociales Norteamericanos -  |x Memorias 
650 |a Memorias Norteamericanas 
650 |a Literatura Autobiográfica -  |z EUA 
650 |a Literatura Gay y Lésbica -  |z EUA 
650 |a Literatura Norteamericana -  |y Siglo XX 
650 |a SIDA 
650 |a Adicción al Sexo 
650 |a Drogadicción -  |z EUA 
650 |a Marginación 
650 |a Problemas Sociales -  |z EUA 
910 |a Fondo General 
920 |a Impresos - Libros 
930 |a Colección General 
940 |a Literatura 
905 |a 101 
901 |a 0500356814  |b IT1  |c LIT  |i C176923  |u 20250521 
901 |a 0500387437  |b IT1  |c LIT  |i C180135  |u 20250521 
902 |a https://opac.biblio.iteso.mx/vufind/Record/000437607